Systém riadenia ľudských zdrojov diplomová práca

Salvato in:
Dettagli Bibliografici
Autore principale: Tejová, Adriana
Ente Autore: Podnikovohospodárska fakulta EU so sídlom v Košiciach. Katedra manažmentu
Altri autori: Bosáková, Mária
Natura: Libro
Lingua:slovacco
Pubblicazione: Košice 2008
Tags: Aggiungi Tag
Nessun Tag, puoi essere il primo ad aggiungerne!!

MARC

LEADER 00000nam$a2200000$$$4500
001 0080059
005 20240201120446.8
041 0 |a slo 
044 |a SK 
245 1 0 |a Systém riadenia ľudských zdrojov  |b diplomová práca  |c Adriana Tejová ; škol. Mária Bosáková 
264 1 |a Košice  |c 2008 
300 |a 77 s. 
100 1 |a Tejová, Adriana 
700 1 |a Bosáková, Mária 
710 2 |a Podnikovohospodárska fakulta EU so sídlom v Košiciach. Katedra manažmentu